Sudah terhantuk baru tengadah
| Main Author: | |
|---|---|
| Format: | Book |
| Published: |
Petaling Jaya :
Sama Publications ,
1996
|
| Series: | Cerita daripada peribahasa
|
| Subjects: |
MARC
| LEADER | 00000cam a2200000 7i4500 | ||
|---|---|---|---|
| 001 | 0000008097 | ||
| 002 | 000008835 | ||
| 005 | 20080319.0 | ||
| 020 | |a 9679386740 | ||
| 090 | 0 | 0 | |a JF |b MOH |
| 100 | 0 | |a Mohd Ariff Bakar | |
| 245 | 1 | 0 | |a Sudah terhantuk baru tengadah |c Mohd Ariff Bakar |
| 260 | |a Petaling Jaya : |b Sama Publications , |c 1996 | ||
| 300 | |a 54p. : |b ill. ; |c 19cm. | ||
| 490 | 0 | |a Cerita daripada peribahasa | |
| 650 | 0 | 0 | |a Children's stories, Malay |
| 999 | |a 084819 |b BUKU |c PINJAMAN |e PERPUSTAKAAN KOMUNITI PETALING JAYA | ||